000 00448nam a2200193Ia 4500
005 20240823034937.0
008 240823s9999||||xx |||||||||||||| ||und||
020 _a978-93-5029-184-9
041 _aENGLISH
082 _A613.25 Q2
100 _aKalli Purie
245 0 _aConferssions of A Serial Dieter
250 _a1st
260 _c2012
_bThe India Today
500 _aYES
650 _aNovel
_bEnglish
942 _cBK
999 _c199501
_d199501